Cronología 1993

Guardado en:
書目詳細資料
格式: Texto
標簽: 添加標簽
沒有標簽, 成為第一個標記此記錄!

MARC

LEADER 00000 a a2200000 04500
001 5819
003
040
245 |a Cronología 1993  
773 |g volumen 14, número 593; páginas 40-56  
999 |c 29064  |d 29064